| 000 | 01274cas a2200265 a 4500 | ||
|---|---|---|---|
| 005 | 20240316063754.0 | ||
| 006 | s|||||o|||| 00| 0 | ||
| 008 | 991125c1989 pe fr p|o 000 0 spa d | ||
| 022 | _a2223-3741 | ||
| 035 | _aUPN01000235900 | ||
| 040 |
_aMX-MxUPN _bspa _eaacr2 |
||
| 049 | _aREV-E | ||
| 245 | 0 | 0 |
_aAreté : _brevista de filosofía _h[recurso electrónico en línea] |
| 260 |
_aPerú : _bPontificia Universidad Católica del Perú, Departamento de Humanidades, _c1989- |
||
| 310 | _aSemestral | ||
| 506 | 0 | _aAcceso abierto | |
| 510 | 1 | _aLatindex | |
| 510 | 1 | _aDialnet | |
| 510 | 1 | _aDoaj | |
| 520 | 1 | _a"En ella se publican trabajos de investigación, originales e inéditos, escritos en español y eventualmente en inglés, de autores que participan de modo significativo en la discusión filosófica contemporánea en todos los campos de la reflexión filosófica. Comprende, también, una sección permanente de reseñas y, de manera ocasional, publica documentos sobre importantes debates filosóficos, realizados en nuestro país o en el extranjero, así como entrevistas a filósofos de renombre internacional". | |
| 650 | 4 |
_aFilosofía _95327 |
|
| 856 | 4 | 0 | _uhttps://revistas.pucp.edu.pe/index.php/arete |
| 905 | _aRevista | ||
| 942 | _cREV-E | ||
| 999 |
_c207995 _d207995 |
||